| 000 | 01277cam a2200373 i 4500 | ||
|---|---|---|---|
| 001 | 17820676 | ||
| 003 | PILC | ||
| 005 | 20150226130942.0 | ||
| 008 | 130718s2014 mdua b 001 0 eng | ||
| 010 | _a 2013028967 | ||
| 020 | _a9781421413006 (pbk. : alk. paper) | ||
| 020 | _a1421413000 (pbk. : alk. paper) | ||
| 020 | _z9781421413013 (electronic) | ||
| 020 | _z1421413019 (electronic) | ||
| 035 | _a(DNLM)101612994 | ||
| 040 |
_aDNLM/DLC _cDLC _erda _dDLC |
||
| 042 | _apcc | ||
| 050 | 0 | 0 |
_aRC 71 _b.So66 2014 |
| 060 | 1 | 0 | _aWB 141 |
| 082 | 0 | 0 | _a616.07/5 |
| 245 | 0 | 0 |
_aSocial issues in diagnosis : _ban introduction for students and clinicians / _cedited by Annemarie Goldstein Jutel, Kevin Dew. |
| 260 |
_aBaltimore, MD : _bJohns Hopkins University Press, _cc2014. |
||
| 300 |
_axiv, 245 pages : _billustrations ; _c26 cm. |
||
| 504 | _aIncludes bibliographical references and index. | ||
| 650 | 1 | 2 | _aDiagnosis. |
| 650 | 2 | 2 | _aCulture. |
| 650 | 2 | 2 | _aPhysician-Patient Relations. |
| 650 | 2 | 2 | _aPower (Psychology) |
| 700 | 1 |
_aJutel, Annemarie, _eeditor of compilation. |
|
| 700 | 1 |
_aDew, Kevin, _eeditor of compilation. |
|
| 906 |
_a7 _bcbc _corignew _d1 _eecip _f20 _gy-gencatlg |
||
| 942 |
_2lcc _cBK |
||
| 999 |
_c283620 _d283620 |
||